The ruling class (Record no. 16078)
[ view plain ]
| 000 -LEADER | |
|---|---|
| fixed length control field | 01498cam a2200433Ia 4500 |
| 001 - CONTROL NUMBER | |
| control field | 6260770 |
| 003 - CONTROL NUMBER IDENTIFIER | |
| control field | OSt |
| 005 - DATE AND TIME OF LATEST TRANSACTION | |
| control field | 20140310182806.0 |
| 008 - FIXED-LENGTH DATA ELEMENTS--GENERAL INFORMATION | |
| fixed length control field | 930622s1993 dcu 001 0 eng d |
| 020 ## - INTERNATIONAL STANDARD BOOK NUMBER | |
| Terms of availability | $2.95 |
| 035 ## - SYSTEM CONTROL NUMBER | |
| System control number | (OCoLC)ocm28311619 |
| 035 ## - SYSTEM CONTROL NUMBER | |
| System control number | (NNC)6260770 |
| 035 ## - SYSTEM CONTROL NUMBER | |
| System control number | (OCoLC)28311619 |
| 040 ## - CATALOGING SOURCE | |
| Original cataloging agency | APL |
| Transcribing agency | APL |
| Modifying agency | IHI |
| -- | IXA |
| -- | TBS |
| 043 ## - GEOGRAPHIC AREA CODE | |
| Geographic area code | n-us--- |
| 050 ## - LIBRARY OF CONGRESS CALL NUMBER | |
| Classification number | JC 265 |
| Item number | .F325 1993 |
| 082 ## - DEWEY DECIMAL CLASSIFICATION NUMBER | |
| Classification number | M 328.73073 |
| Item number | F34 1993 |
| 100 1# - MAIN ENTRY--PERSONAL NAME | |
| Personal name | Felten, Eric, |
| Dates associated with a name | 1964- |
| 245 14 - TITLE STATEMENT | |
| Title | The ruling class |
| Remainder of title | inside the imperial Congress |
| Statement of responsibility, etc | Felten, Eric |
| 250 ## - EDITION STATEMENT | |
| Edition statement | Special abridged ed. |
| 260 ## - PUBLICATION, DISTRIBUTION, ETC. (IMPRINT) | |
| Place of publication, distribution, etc | Washington, DC |
| Name of publisher, distributor, etc | Heritage Foundation |
| Date of publication, distribution, etc | c1993 |
| 300 ## - PHYSICAL DESCRIPTION | |
| Extent | xii, 103 p. |
| Dimensions | 18 cm. |
| 500 ## - GENERAL NOTE | |
| General note | "From the Heritage Foundation's U.S. Congress Assessment Project, David M. Mason, director." |
| 500 ## - GENERAL NOTE | |
| General note | Includes index. |
| 500 ## - GENERAL NOTE | |
| General note | Rare Book copy: Cased with other items from the same collection. |
| Institution to which field applies | NNC |
| 521 ## - TARGET AUDIENCE NOTE | |
| Target audience note | |
| 526 ## - STUDY PROGRAM INFORMATION NOTE | |
| Reading level | 1210L-1700L |
| 541 ## - IMMEDIATE SOURCE OF ACQUISITION NOTE | |
| -- | 1 |
| 562 ## - COPY AND VERSION IDENTIFICATION NOTE | |
| Number of copies | For circulation. One copy available in the collection. |
| 610 10 - SUBJECT ADDED ENTRY--CORPORATE NAME | |
| Corporate name or jurisdiction name as entry element | United States. |
| Subordinate unit | Congress. |
| 650 #0 - SUBJECT ADDED ENTRY--TOPICAL TERM | |
| Topical term or geographic name as entry element | Legislators |
| Geographic subdivision | United States. |
| 650 #0 - SUBJECT ADDED ENTRY--TOPICAL TERM | |
| Topical term or geographic name as entry element | Separation of powers |
| Geographic subdivision | United States. |
| 710 2# - ADDED ENTRY--CORPORATE NAME | |
| Corporate name or jurisdiction name as entry element | Heritage Foundation (Washington, D.C.). |
| Subordinate unit | U.S. Congress Assessment Project. |
| 710 2# - ADDED ENTRY--CORPORATE NAME | |
| Corporate name or jurisdiction name as entry element | Group Research Collection (Columbia University Libraries) |
| Institution to which field applies | NNC |
| 942 ## - ADDED ENTRY ELEMENTS (KOHA) | |
| Source of classification or shelving scheme | Library of Congress Classification |
| Koha item type | Books |
| Call number prefix | |
| 948 1# - LOCAL PROCESSING INFORMATION (OCLC); SERIES PART DESIGNATOR (RLIN) | |
| Series part designator, SPT (RLIN) | 20070814 |
| b (OCLC) | c |
| c (OCLC) | wh196 |
| d (OCLC) | SCMC |
| 948 2# - LOCAL PROCESSING INFORMATION (OCLC); SERIES PART DESIGNATOR (RLIN) | |
| Series part designator, SPT (RLIN) | 20070814 |
| b (OCLC) | a |
| c (OCLC) | wh196 |
| d (OCLC) | SCMC |
| Withdrawn status | Lost status | Source of classification or shelving scheme | Damaged status | Home library | Current library | Shelving location | Date acquired | Total Checkouts | Full call number | Barcode | Date last seen | Copy number | Price effective from | Koha item type |
|---|---|---|---|---|---|---|---|---|---|---|---|---|---|---|
| Library of Congress Classification | College Library | College Library | General Circulation Section | 02/14/2013 | JC 265 .F325 1993 | c1631 | 05/15/2018 | 1 | 02/14/2013 | Books |